000
00307nam a22001337a 4500
008
170505b xxu||||| |||| 00| 0 eng d
020
_a
0316457698
041
_a
eng
080
_2
2ND
_a
341
100
_a
15
101
_a
SHJ
245
_a
AN INTRODUCTION TO INTERNTIONAL LAW
_c
JANIS, M.W
942
_2
udc
_c
BK
999
_c
12816
_d
12816